| 000 | 00431nam a2200145 i 4500 | ||
|---|---|---|---|
| 001 | bg | ||
| 100 | 1 | _aKOZŁOWSKI, Stefan | |
| 245 | 0 |
_aGospodarka a środowisko przyrodnicze / _cS.Kozłowski. |
|
| 260 |
_aWarszawa, _c1991. |
||
| 040 | _cBPK | ||
| 041 | _apol | ||
| 942 | _cKS | ||
| 008 | s pl f |000 0 pol | ||
| 856 |
_uhttp://koha.tu.koszalin.pl/cgi-bin/koha/opac-detail.pl?biblionumber=24340 _yKatalog online BPK |
||
| 999 |
_c24340 _d24340 |
||